| 000 | 00582nam a2200169 i 4500 | ||
|---|---|---|---|
| 001 | 59867 | ||
| 003 | ES-MaACL | ||
| 005 | 20230906164119.0 | ||
| 007 | t| | ||
| 008 | 031031s1970 sp f |||| | spa d | ||
| 110 | 2 |
_aEscuela Nacional de Administración Pública (España) _93576 |
|
| 245 | 1 | 0 |
_aEscuela Nacional de Administración Pública _b: 1960-1970 : crónica de 10 años. |
| 260 |
_a[S.l. : _bs.n., _c1970] ( _eMadrid : _fImnasa) |
||
| 300 |
_a30 h., 1 lám. ; _c30 cm. |
||
| 610 | 2 | 4 |
_aEscuela Nacional de Administración Pública (España) _93576 |
| 852 |
_aES-MaACL _jC-43286 |
||
| 999 |
_c59867 _d59867 |
||